| 000 | 00000nam##2200000za#4500 |
| 001 | 9.606304 |
| 003 | CaOODSP |
| 005 | 20251103144802 |
| 007 | cr ||||||||||| |
| 008 | 150406|2009||||xxc|||||o f|0| 0 fre|d |
| 040 | |aCaOODSP|bfre |
| 043 | |an-cn--- |
| 086 | 1 |aPS73-1/2009-06-2F-PDF |
| 110 | 2 |aService canadien du renseignement de sécurité. |
| 245 | 10|aL'Iran : les multiples avenirs d'une puissance régionale : |h[ressource électronique]|bpoints saillants de la conférence des 30-31 mars 2009, Ottawa / |cRapporteur : Thomas Juneau. |
| 260 | |aOttawa - Ontario : |bService canadien du renseignement de sécurité |c2009. |
| 300 | |a46p. |
| 490 | 1 |aSérie Regards sur le monde|vSérie publication nº 2009-06-2 |
| 500 | |a«Conférence du Service canadien du renseignement de sécurité parrainée par Affaires étrangères et du Commerce international Canada, Défense nationale Canada et le Bureau du Conseil privé». |
| 590 | |a13-27-Supp|b2013-11-15 |
| 775 | 08|tInsights into the future of Iran as a regional power : |w(CaOODSP)9.577993 |
| 830 | #0|aSérie Regards sur le monde ;|vSérie publication nº 2009-06-2|w(CaOODSP)9.504072 |
| 856 | 40|ahttp://publications.gc.ca|qPDF|s1839 Ko|uhttps://publications.gc.ca/collections/collection_2013/scrs-csis/PS73-1-2009-06-2-fra.pdf|ySérie publication nº 2009-06-2 |